Top 25 Trading Partners - Ghana - Statistics

General Stats
  • This quiz has been taken 52 times
  • The average score is 40 of 50
Answer Stats
Hint Answer % Correct
10th Place: 491 United Kingdom
98%
5th Place; 604 United Kingdom
98%
11th Place: 358 France
96%
14th Place: 282 France
96%
7th Place: 613 United States of America
96%
2nd Place: 953 United States of America
96%
2nd Place: 2,032 China
93%
1st Place: 2,272 China
93%
14th Place: 213 Germany
91%
10th Place: 305 Germany
91%
20th Place: 121 Canada
89%
8th Place: 332 Canada
89%
1st Place: 3,670 India
89%
4th Place: 673 India
89%
25th Place: 80 Nigeria
87%
21st Place: 159 Nigeria
87%
9th Place: 584 Spain
87%
19th Place: 199 Spain
87%
19th Place: 139 Togo
87%
18th Place: 150 Brazil
85%
22nd Place: 158 Brazil
85%
12th Place: 304 Italy
85%
13th Place: 302 Italy
85%
23rd Place: 119 Ivory Coast
85%
5th Place: 1,228 Netherlands
85%
15th Place: 259 Netherlands
85%
20th Place: 177 Russia
85%
3rd Place: 1,742 South Africa
85%
6th Place: 406 South Africa
85%
17th Place: 162 Belgium
83%
3rd Place: 691 Belgium
83%
16th Place: 166 Japan
83%
18th Place: 202 Japan
83%
24th Place: 113 Saudi Arabia
80%
12th Place: 302 South Korea
78%
8th Place: 590 United Arab Emirates
76%
11th Place: 303 United Arab Emirates
76%
15th Place: 197 Vietnam
74%
7th Place: 342 Vietnam
74%
13th Place: 272 Burkina Faso
72%
23rd Place: 82 Portugal
72%
4th Place: 1,631 Switzerland
70%
9th Place: 332 Turkey
70%
25th Place: 104 Sweden
67%
17th Place: 212 Thailand
67%
24th Place: 81 Singapore
65%
6th Place: 1,109 Malaysia
52%
16th Place: 230 Malaysia
52%
21st Place: 106 Lebanon
22%
22nd Place: 103 Estonia
4%
No matching quizzes found
Score Distribution
Percent of People with Each Score
Percentile by Number Answered
Your Score History
You have not taken this quiz